000 00424nam a2200181Ia 4500
001 8016
005 20260306160538.0
008 260306t2011||||xx |||||||||||||| ||spa||
041 _aESP
082 _a370.1
_bA46F
100 _aAltarejos, Francisco,
_eAUT
245 0 _aFilosofía de la educación
260 _c2011
300 _a230 páginas :
_c24 cm.
650 _aGEN
654 _aCED
942 _cLIB
_dJUS
_fJUS
_2ddc
_n
999 _c8016
_d8016